<?xml version="1.0" encoding="UTF-8"?>
<marc:record xmlns:marc="http://www.loc.gov/MARC21/slim">
   <marc:leader>00000nam a2200000 a 4500</marc:leader>
   <marc:datafield ind1=" " ind2=" " tag="653">
      <marc:subfield code="a">Fischen</marc:subfield>
   </marc:datafield>
   <marc:datafield ind1=" " ind2=" " tag="653">
      <marc:subfield code="a">Sport</marc:subfield>
   </marc:datafield>
   <marc:datafield ind1="0" ind2="0" tag="245">
      <marc:subfield code="a">Der Sportfischer: Das Lehrbuch für Angler ...</marc:subfield>
   </marc:datafield>
   <marc:datafield ind1="0" ind2="0" tag="245">
      <marc:subfield code="b">... mit praktischem und theoretischem Prüfungsteil. Mit vielen Tricks und Tipps für Anfänger und Profis!</marc:subfield>
   </marc:datafield>
   <marc:datafield ind1=" " ind2="1" tag="264">
      <marc:subfield code="b">Burk Günther</marc:subfield>
   </marc:datafield>
   <marc:datafield ind1="1" ind2=" " tag="520">
      <marc:subfield code="a">Das Lehrbuch für Angler mit praktischem und theoretischem Prüfungsteil. Mit vielen Tricks und Tipps für Anfänger und Profis. In der neu überarbeiteten Auflage werden mit über 500 Bildern die Geräte, die Fische und ihre Fischereimethoden erklärt und verständlich dargestellt.</marc:subfield>
   </marc:datafield>
</marc:record>
